Analýza niektorých metód a postupov realizácie strategických plánov

Význam prognózovania a tvorby stratégie. Účinok vplyvu prognózovania na stratégiu. Realizácia strategických plánov.

Salvato in:
Dettagli Bibliografici
Autore principale: Záležáková, Eliška
Natura: Capitolo di libro
Lingua:slovacco
Soggetti:
Tags: Aggiungi Tag
Nessun Tag, puoi essere il primo ad aggiungerne!!

MARC

LEADER 00000nla$a2200000$$$4500
001 0103576
005 20240502072127.9
041 0 |a slo 
044 |a SK 
245 1 0 |a Analýza niektorých metód a postupov realizácie strategických plánov  |c Eliška Záležáková 
520 |a Význam prognózovania a tvorby stratégie. Účinok vplyvu prognózovania na stratégiu. Realizácia strategických plánov. 
610 2 0 |a komunikácia 
610 2 0 |a plánovanie strategické 
610 2 0 |a plán strategický 
610 2 0 |a globalizácia 
610 2 0 |a prognózy podnikové 
610 2 0 |a podnik 
100 1 |a Záležáková, Eliška